| 000 | 00788nam a2200241 a 4500 | ||
|---|---|---|---|
| 001 | 000022229 | ||
| 003 | DO-SdBNP | ||
| 005 | 20250502073819.0 | ||
| 007 | ta | ||
| 008 | 100920s1981 dr 000 0 spa d | ||
| 040 |
_aDO-SdBNP _bspa _cBNPHU |
||
| 082 | 4 |
_bL258p _222 |
|
| 100 | 1 |
_aLandolfi de Miranda, Rita _945967 |
|
| 245 | 1 | 0 |
_aPrincipios y técnicas de archivo / _cRita Landolfi de Miranda. |
| 260 |
_aSanto Domingo : _bONAP, _c1981. |
||
| 300 |
_a149 p. _c21 cm. |
||
| 490 | 1 |
_aManuales técnicos _v4 |
|
| 500 | _aIncluye referencias bibliográficas y notas al pie de las páginas | ||
| 590 | _aInventariado, 2023/BT | ||
| 710 | 1 |
_aRepública Dominicana. _bOficina Nacional de Administración y Personal _926398 |
|
| 830 | 0 |
_aManuales técnicos _n4 _945968 |
|
| 942 |
_2ddc _cLBS1 |
||
| 999 |
_c21727 _d21727 |
||